1645 1689 1385 1137 1570 1207 1787 1346 1792 1429 1780 1021 1584 1525 1552 1731 1725 1976 1164 1904 1887 1901 1355 1021 1633 1734 1137 1927 1033 1294 1658 1782 1445 1493 1871 1344 1508 1429 1492 1010 1901 1536 1499 1759 1914 1117 1079 1955 1657 1134 1845 1283 1724 1215 1163 1340 1971 1102 1338 1001 1915 1824 1017 1519 1227 1200 1131 1424 1195 1070 1867 1423 1285 1306 1386 1876 1426 1295 1478 1117 1467 1777 1802 1453 1841 1356 1933 1544 1304 1843 1157 1992 1417 1026 1101 1599 1462 1167 1576 BCNSPRNW ULIB Ver.6.0+V

เปลี่ยนเป็นภาษาไทย

Change to English
 แสดงรายละเอียดบรรณานุกรม
  กลับหน้าหลัก

Brief Record : Get Marc (ISO 2709) : E-mail record : QR code < ปิดหน้าต่าง
LEADER : 00000nam 2200000uu 4500
001    13399112716
003     ULIB
008    110907s2553||||th 000 0 tha d
020    9786167324180
050  4 LC94.T5^bส691ผ 2553
245 00 แผนการศึกษาแห่งชาติ ฉบับปรับปรุง (พ.ศ. 2552-2559) ฉบับสรุป/^cสำนักงานเลขาธิการสภาการศึกษา
250    พิมพ์ครั้งที่ 1
260    กรุงเทพฯ :^bสำนักงานเลขาธิการสภาการศึกษา,^c2553
300    90 หน้า ;^c21 ซม.
650  4 การพัฒนาการศึกษา
650  4 แผนการศึกษาแห่งชาติ
710 2  สำนักงานเลขาธิการสภาการศึกษา
945    ^p0^l0^i029116
945    ^p0^l0^i029117
945    ^p0^l0^i029118
995    ทศพร
999 ^a ทศพร
รายการนี้ยังไม่มีแท็ก
คุณยังไม่ได้ล็อกอิน คุณสามารถมีกิจกรรมร่วมกับเว็บไซต์ได้ แต่ต้องล็อกอินก่อน ::
  ล็อกอิน

รายการสื่อสารสนเทศ

ลำดับที่ ประเภท เลขเรียก/บาร์โค้ด สถานที่ สถานะ
- ไม่พบข้อมูล -

รายการใกล้เคียง
    หัวเรื่อง [การพัฒนาการศึกษา]
    หัวเรื่อง [แผนการศึกษาแห่งชาติ]

BibComment


ยังไม่เคยถูกคอมเมนท์

คอมเมนท์ทรัพยากรรายการนี้
  คอมเมนท์: แผนการศึกษาแห่งชา..


 Copyright 2026. Bcnsprnw @Library